| 000 | 00837nas a2200253 4500 | ||
|---|---|---|---|
| 001 | BR2011007851 | ||
| 003 | BR-BrBNA | ||
| 005 | 20231205115824.0 | ||
| 007 | ta | ||
| 008 | 230509b bl.|||p| |||| 00| 00por d | ||
| 040 |
_aBR-BrBNA _bpor _cBiblioteca Nacional de Agricultura |
||
| 041 | _a(Pt) | ||
| 072 | _aF50 | ||
| 100 | 1 | _aBrisola, S.H. | |
| 100 | 1 | _aDemarco, D. | |
| 245 | 1 | _aAnálise anatômica do caule de Eucalyptus, E. urophylla e E. grandis x urophylla: desenvolvimento da madeira e sua importância para a indústria | |
| 650 | _aEUCALIPTO | ||
| 650 | _aESTRUTURA VEGETAL | ||
| 650 | _aHIBRIDAÇÃO | ||
| 650 | _aANÁLISE COMPARATIVA | ||
| 773 | 0 |
_tScientia Forestalis (Brazil) _xISSN 1413-9324 _g(Sep 2011), v. 39(91) p. 317-330 _wBR2011007851 |
|
| 909 |
_a202311 _bLúcia _c55 _dLúcia Elande |
||
| 942 |
_2AGRIS _n0 _cANA |
||
| 999 |
_c215876 _d215876 |
||